ARRUPE JESUIT UNIVERSITY

CORONAVIRUS -STOP THE SPREAD - CLEAN,DISINFECT,COVER

Bulawayo burning : (Record no. 118336)

MARC details
000 -LEADER
fixed length control field 01322cam a2200349Ia 4500
001 - CONTROL NUMBER
control field 8161613
003 - CONTROL NUMBER IDENTIFIER
control field ARRUPE
005 - DATE AND TIME OF LATEST TRANSACTION
control field 20131011135031.0
008 - FIXED-LENGTH DATA ELEMENTS--GENERAL INFORMATION
fixed length control field 100518s2010 enkab b 001 0 eng
020 ## - INTERNATIONAL STANDARD BOOK NUMBER
International Standard Book Number 9781847010209 (James Currey cloth)
020 ## - INTERNATIONAL STANDARD BOOK NUMBER
International Standard Book Number 1847010202 (James Currey cloth)
020 ## - INTERNATIONAL STANDARD BOOK NUMBER
International Standard Book Number 9781779221087 (Weaver Press)
020 ## - INTERNATIONAL STANDARD BOOK NUMBER
International Standard Book Number 1779221088 (Weaver Press)
024 ## - OTHER STANDARD IDENTIFIER
Standard number or code 60001227481
035 ## - SYSTEM CONTROL NUMBER
System control number (OCoLC)ocn632086265
035 ## - SYSTEM CONTROL NUMBER
System control number (OCoLC)632086265
Canceled/invalid control number (OCoLC)515480897
035 ## - SYSTEM CONTROL NUMBER
System control number (NNC)8161613
040 ## - CATALOGING SOURCE
Original cataloging agency UKM
Transcribing agency UKM
Modifying agency BTCTA
-- YDXCP
-- BWK
-- WAU
-- NhCcYBP
050 #4 - LIBRARY OF CONGRESS CALL NUMBER
Classification number DT3025.B85
Item number R36 2010
300 ## - PHYSICAL DESCRIPTION
Other physical details ill., maps ;
Dimensions 24 cm.
100 1# - MAIN ENTRY--PERSONAL NAME
Personal name Ranger, T. O.
Fuller form of name (Terence O.)
9 (RLIN) 2476
245 10 - TITLE STATEMENT
Title Bulawayo burning :
Remainder of title the social history of a southern African city, 1893-1960 /
Statement of responsibility, etc Terence Ranger.
260 ## - PUBLICATION, DISTRIBUTION, ETC. (IMPRINT)
Place of publication, distribution, etc Woodbridge, Suffolk, UK ;
-- Rochester, NY :
Name of publisher, distributor, etc James Currey,
Date of publication, distribution, etc 2010.
300 ## - PHYSICAL DESCRIPTION
Extent ix, 261 p. :
504 ## - BIBLIOGRAPHY, ETC. NOTE
Bibliography, etc Includes bibliographical references (p. 251-254) and index.
600 10 - SUBJECT ADDED ENTRY--PERSONAL NAME
Personal name Vera, Yvonne.
Title of a work Butterfly burning.
9 (RLIN) 2477
651 #0 - SUBJECT ADDED ENTRY--GEOGRAPHIC NAME
Geographic name Bulawayo (Zimbabwe)
General subdivision History
Chronological subdivision 20th century.
9 (RLIN) 2478
651 #0 - SUBJECT ADDED ENTRY--GEOGRAPHIC NAME
Geographic name Bulawayo (Zimbabwe)
General subdivision Social conditions
Chronological subdivision 20th century.
9 (RLIN) 2479
651 #0 - SUBJECT ADDED ENTRY--GEOGRAPHIC NAME
Geographic name Bulawayo (Zimbabwe)
General subdivision Race relations.
9 (RLIN) 2480
942 ## - ADDED ENTRY ELEMENTS (KOHA)
Source of classification or shelving scheme Library of Congress Classification
Koha item type Monograph ( Printed materials)
948 1# - LOCAL PROCESSING INFORMATION (OCLC); SERIES PART DESIGNATOR (RLIN)
Series part designator, SPT (RLIN) 20101207
b (OCLC) c
c (OCLC) sds12
d (OCLC) MPS
Holdings
Withdrawn status Lost status Source of classification or shelving scheme Damaged status Not for loan Collection code Home library Current library Shelving location Date acquired Total Checkouts Full call number Barcode Date last seen Date checked out Price effective from Koha item type Copy number
    Library of Congress Classification     Main Collection ARRUPE LIBRARY ARRUPE LIBRARY Main Collection 11/10/2013 2 DT3025.B85 R36 2010 46410680 04/10/2018 03/10/2018 11/10/2013 Monograph ( Printed materials)  
    Library of Congress Classification     SPECIAL Collection ARRUPE LIBRARY ARRUPE LIBRARY Main Collection 27/03/2014   SPC DT3025.B85 R6 2010 46500002053 27/03/2014   27/03/2014 Monograph ( Printed materials) 2

 

Arrupe Library. PO Box MP320 Mt Pleasant, Harare, Zimbabwe
263 242 745411|librarian@aju.ac.zw